00598cam a22001932 450000100060000000300080000600500170001400800410003103500190007204000270009104100080011808200210012610000270014724500950017426000300026930000510029965000180035074000360036822407BD-RjUL20211209000813.0140308s1935 enkaf 000 0 eng d a(BD-RjUL)22472 aLDLcLDLdBD-RjULbeng aeng a916.2bRAV 19351 aRandall-Stevens, H. C.12aA voice out of Egypt :ban adventure in clair-audience /ctold by Hugh C. Randall-Stevens. aLondon :bF. Mott,c1935. a200 p., [4] leaves of plates :bill. ;c23 cm. 0aSpiritualism.31aAn adventure in clair-audience.